000
00333nam a2200133Ia 4500
008
240624s9999 xx 000 0 und d
041
_a
eng
082
_a
530 EIN
100
_a
EINSTEIN ALBERT
245
_a
RELATIVITY THE SPECIAL AND THE GENERAL T
260
_c
2015
_a
theory
_b
General Press
300
_a
200 : p.
365
_c
RS
_b
25
999
_c
24141
_d
24141